marguerite - Paroles la maison - Statistiques

Statistiques générales
  • Ce quiz a été pris 106 fois
  • Le résultat moyen est 263 sur 296
Statistiques - réponses
Hint Réponse % Correct
à
100%
Pont | Refrain À
100%
a
100%
ah!
100%
ah !
100%
c’
100%
c'
100%
C’
100%
d'
100%
de
100%
des
100%
l'
100%
m'
100%
qu’
100%
qu'
100%
qui
100%
s'
100%
98%
la
98%
ma
98%
maison
98%
pas
98%
rond
98%
y
98%
Y
98%
ai,
96%
J'
96%
j'
96%
que
96%
que,
96%
tournent
96%
trucs
96%
dans
95%
il
93%
est
91%
fille
91%
me
91%
moi
91%
Moi
91%
tout
91%
Tout
91%
aime
89%
ça
89%
Couplet 1 Petite
89%
fille
89%
grande
89%
Couplet 2 Grande
89%
papa,
89%
petit
89%
Petite
89%
construire
85%
dit
85%
le
85%
Maman
85%
mettrai
85%
veux
85%
Cherche
84%
va
84%
fait
82%
garçons
82%
pense
82%
Pré-refrain Pourquoi
82%
suis
82%
appart
80%
rentrer ?
80%
rien
80%
chez
78%
fout
78%
long
78%
occupe
78%
cafard,
76%
dimanches
76%
Les
76%
penser ?
76%
bizarre
75%
canap'
75%
Dieu,
75%
Prier
75%
quoi ?
75%
salon,
75%
sert
75%
sont
75%
squat
75%
un
75%
je
73%
longs
73%
matins
73%
rigolos
73%
sur
73%
En
71%
en
71%
mes
71%
solo
71%
copines
69%
mon
69%
4
67%
ligne
65%
Paris
65%
pression
65%
monde
64%
beau
62%
disent
62%
vélo
62%
Demain,
60%
école,
60%
et
58%
soirs,
56%
télévision
56%
silences
55%
9
53%
dépression
53%
Boy,
49%
Game
49%
Jamais
45%
répète
45%
Dictée,
33%
Aucun quiz correspondant
Distribution des résultats
% des personnes avec chaque résultat
Percentile par nombre de réponses
Votre historique - résultats
Vous n’avez pas pris ce quiz